| 000 | 00343nam a2200133Ia 4500 | ||
|---|---|---|---|
| 008 | 210430s9999 xx 000 0 und d | ||
| 020 | _a81-309-0511-6 | ||
| 082 | _a808.4 S2711 T | ||
| 100 |
_aNeil Sawers _954128 |
||
| 245 |
_aBetter Essays&Term Paper _cNeil Sawers |
||
| 260 |
_aIndia _bN S Group _c2005 |
||
| 300 | _a127p | ||
| 942 |
_cBK _2ddc |
||
| 999 |
_c564599 _d564599 |
||